Health psychology: Applying psychological science to health and wellness, with eBook access code (Record no. 396740)

MARC details
000 -LEADER
fixed length control field 00555 a2200193 4500
005 - DATE & TIME
control field 20260417125417.0
008 - FIXED-LENGTH DATA ELEMENTS--GENERAL INFORMATION
fixed length control field 260417b |||||||| |||| 00| 0 eng d
020 ## - ISBN
International Standard Book Number 9781394227631
Price $ 171.95
040 ## - CATALOGING SOURCE
Original cataloging agency VIVEKANANDA LIBRARY
082 ## - DDC NUMBER
Classification number 150.19
Book Number N415H
100 ## - MAIN ENTRY--PERSONAL NAME
Personal name Nevid, Jeffrey S
245 ## - TITLE STATEMENT
Title Health psychology: Applying psychological science to health and wellness, with eBook access code
260 ## - PUBLICATION, DISTRIBUTION, ETC. (IMPRINT)
Name of publisher, distributor, etc Wiley
Date of publication, distribution, etc 2025
Place of publication, distribution, etc New Jersey
300 ## - PHYSICAL DESCRIPTION
Pages xvi, 458
650 ## - Subject
Subject Psychology
650 ## - Subject
Subject Health Psychology
700 ## - Added Entry Personal Name
Added Entry Personal Name Rathus, Spencer A
942 ## - ADDED ENTRY ELEMENTS (KOHA)
Koha item type Books
Holdings
Withdrawn status Lost status Source of classification or shelving scheme Damaged status Not for loan Location (home branch) Sublocation or collection (holding branch) Shelving location Date acquired Koha issues (times borrowed) Koha full call number Accession No. Koha date last seen Koha item type
    Dewey Decimal Classification     VIVEKANANDA LIBRARY VIVEKANANDA LIBRARY Vivekananda Library 25/03/2026   150.19 N415H 438912 25/03/2026 Books
© Designed and Maintained by Vivekananda Library, MDU Rohtak